00350nam a22001331a 4500020001800000082001500018245006200033250001000095260004100105300001100146650001300157650002200170700002400192 a9789359599311 a050bMAM/M aManorama yearbook 2026 (English)/cby Mamman Mathew (ed.) a61th. aKottayam:bMalayala Manorama,c2026. a1007p. aYearbook aGeneral Knowledge aMamman Mathew (ed.)